La Gestión del Riesgo: un temacurricular. Manual Metodógico para trabajar la Gestión de Riesgo en el aula. Manual de capacitación docente (Record no. 8216)
[ view plain ]
| 000 -LEADER | |
|---|---|
| campo de control de longitud fija | 00507nam a2200145Ia 4500 |
| 001 - NÚMERO DE CONTROL | |
| campo de control | 3083 |
| 008 - DATOS DE LONGITUD FIJA--INFORMACIÓN GENERAL | |
| campo de control de longitud fija | 241024s9999 xx 000 0 und d |
| 020 ## - NÚMERO INTERNACIONAL ESTÁNDAR DEL LIBRO | |
| Número Internacional Estándar del Libro | 978-9945-888-1-3 |
| 082 ## - NÚMERO DE LA CLASIFICACIÓN DECIMAL DEWEY | |
| Número de clasificación | RD/507.04/R426g/1 |
| 100 ## - ENTRADA PRINCIPAL--NOMBRE DE PERSONA | |
| Nombre de persona | República Domincana. Ministerio de Educación |
| 245 #0 - MENCIÓN DEL TÍTULO | |
| Título | La Gestión del Riesgo: un temacurricular. Manual Metodógico para trabajar la Gestión de Riesgo en el aula. Manual de capacitación docente |
| 260 ## - PUBLICACIÓN, DISTRIBUCIÓN, ETC. | |
| Nombre del editor, distribuidor, etc. | Santo Domingo |
| Fecha de publicación, distribución, etc. | 2013 |
| 901 ## - ELEMENTOS DE DATOS A LOCAL LDA (RLIN) | |
| a | 25/7/2013 9:50:22 a.m. |
No items available.